Handbook of Photovoltaic Science and Engineering / (Record no. 15118)
[ view plain ]
| 000 -LEADER | |
|---|---|
| fixed length control field | 01203cam a22003018a 4500 |
| 001 - CONTROL NUMBER | |
| control field | 16401427 |
| 005 - DATE AND TIME OF LATEST TRANSACTION | |
| control field | 20100817115455.0 |
| 008 - FIXED-LENGTH DATA ELEMENTS--GENERAL INFORMATION | |
| fixed length control field | 100813s2010 enk bf 001 0 eng |
| 010 ## - LIBRARY OF CONGRESS CONTROL NUMBER | |
| LC control number | 2010031107 |
| 020 ## - INTERNATIONAL STANDARD BOOK NUMBER | |
| International Standard Book Number | 0470721693 (cloth) |
| 020 ## - INTERNATIONAL STANDARD BOOK NUMBER | |
| International Standard Book Number | 9780470721698 (cloth) |
| 040 ## - CATALOGING SOURCE | |
| Original cataloging agency | DLC |
| Transcribing agency | DLC |
| 050 00 - LIBRARY OF CONGRESS CALL NUMBER | |
| Classification number | TK8322 |
| Item number | .H33 2010 |
| 082 00 - DEWEY DECIMAL CLASSIFICATION NUMBER | |
| Classification number | 621.31244 |
| Edition number | 22 |
| Item number | PHO |
| 245 00 - TITLE STATEMENT | |
| Title | Handbook of Photovoltaic Science and Engineering / |
| Statement of responsibility, etc | Edited by A Luque and S Hegedus. |
| 250 ## - EDITION STATEMENT | |
| Edition statement | 2nd ed. |
| 260 ## - PUBLICATION, DISTRIBUTION, ETC. (IMPRINT) | |
| Place of publication, distribution, etc | Chichester, West Sussex, U.K. ; |
| -- | Hoboken, N.J. : |
| Name of publisher, distributor, etc | Wiley, 2010 |
| Date of publication, distribution, etc | 2010. |
| 300 ## - PHYSICAL DESCRIPTION | |
| Extent | 1132 p. : |
| Other physical details | ill.; |
| Dimensions | 23 cm. |
| 504 ## - BIBLIOGRAPHY, ETC. NOTE | |
| Bibliography, etc | Includes bibliographical references and index. |
| 650 #0 - SUBJECT ADDED ENTRY--TOPICAL TERM | |
| Topical term or geographic name as entry element | Photovoltaic cells |
| Form subdivision | Handbooks, manuals, etc. |
| 9 (RLIN) | 23086 |
| 650 #0 - SUBJECT ADDED ENTRY--TOPICAL TERM | |
| Topical term or geographic name as entry element | Photovoltaic power generation |
| Form subdivision | Handbooks, manuals, etc. |
| 9 (RLIN) | 23087 |
| 653 ## - INDEX TERM--UNCONTROLLED | |
| Resource For college | |
| Arrived date list | April2011 |
| 700 1# - ADDED ENTRY--PERSONAL NAME | |
| Personal name | Luque, A. |
| Fuller form of name | (Antonio) |
| 9 (RLIN) | 23088 |
| 700 1# - ADDED ENTRY--PERSONAL NAME | |
| Personal name | Hegedus, Steven. |
| 9 (RLIN) | 23089 |
| 942 ## - ADDED ENTRY ELEMENTS (KOHA) | |
| Source of classification or shelving scheme | Dewey Decimal Classification |
| Item type | Book - Borrowing |
| Withdrawn status | Item status | Source of classification or shelving scheme | Damaged status | Not for loan | Vendor | Home library | Current library | Shelving location | Date acquired | Source of acquisition | Cost, normal purchase price | Serial Enumeration / chronology | Total Checkouts | Total Renewals | Full call number | Barcode | Date last seen | Date last borrowed | Koha item type |
|---|---|---|---|---|---|---|---|---|---|---|---|---|---|---|---|---|---|---|---|
| Dewey Decimal Classification | Baccah | Central Library | Central Library | First floor | 17/04/2011 | 1478.00 | 11997 | 6 | 110 | 621.31244 PHO | 000023226 | 15/07/2025 | 31/10/2016 | Book - Borrowing |